UM Logo

Developing the concept of 'ecosystem' through inquiry-based learning : (Record no. 18179)

MARC details
000 -LEADER
fixed length control field 00987nam a22002297a 4500
003 - CONTROL NUMBER IDENTIFIER
control field OSt
005 - DATE AND TIME OF LATEST TRANSACTION
control field 20260212091254.0
008 - FIXED-LENGTH DATA ELEMENTS--GENERAL INFORMATION
fixed length control field 230914b ||||| |||| 00| 0 eng d
040 ## - CATALOGING SOURCE
Transcribing agency 0
082 ## - DEWEY DECIMAL CLASSIFICATION NUMBER
Classification number DPer 570 J826 February-November 2020 v. 54 n. 1-5.
100 ## - MAIN ENTRY--PERSONAL NAME
Personal name Martín-Gámez, Carolina.
Relator term author.
9 (RLIN) 48932
245 ## - TITLE STATEMENT
Title Developing the concept of 'ecosystem' through inquiry-based learning :
Remainder of title a study of pre-service primary teachers /
Statement of responsibility, etc. Carolina Martín-Gámez, María del Carmen Acebel, and Teresa Prieto.
260 ## - PUBLICATION, DISTRIBUTION, ETC. (IMPRINT)
Place of publication, distribution, etc. United Kingdom ;
Name of publisher, distributor, etc. Taylor & Francis Group ,
Date of publication, distribution, etc. April 2020.
300 ## - PHYSICAL DESCRIPTION
Extent Volume 54, pages 147-161 :
Other physical details illustration ;
Dimensions 25 cm.
500 ## - GENERAL NOTE
General note Journal of Biological Education, vol. 54, no. 2, pages 147-161, April 2020.
650 ## - SUBJECT ADDED ENTRY--TOPICAL TERM
Topical term or geographic name as entry element Ecology.
9 (RLIN) 48933
650 ## - SUBJECT ADDED ENTRY--TOPICAL TERM
Topical term or geographic name as entry element Teachers.
9 (RLIN) 48934
700 ## - ADDED ENTRY--PERSONAL NAME
Personal name Martín-Gámez, Carolina.
Relator term author.
9 (RLIN) 48932
700 ## - ADDED ENTRY--PERSONAL NAME
Personal name Acebel, María del Carmen.
Relator term author.
9 (RLIN) 48935
700 ## - ADDED ENTRY--PERSONAL NAME
Personal name Prieto,Teresa.
Relator term author.
9 (RLIN) 48936
942 ## - ADDED ENTRY ELEMENTS (KOHA)
Source of classification or shelving scheme Dewey Decimal Classification
Koha item type Periodicals
Holdings
Withdrawn status Lost status Source of classification or shelving scheme Damaged status Not for loan Collection code Home library Current library Date acquired Total Checkouts Full call number Date last seen Price effective from Koha item type Public note
    Dewey Decimal Classification     Periodicals UM Digos College - LIC UM Digos College - LIC 09/14/2023   DPer 570 J826 February-November 2020 v. 54 n. 1-5. 09/14/2023 09/14/2023 Periodicals Periodical Article